Identidad y Cambio

Saved in:
Bibliografiske detaljer
Main Authors: Grinberg, León (Author), Grinberg, Rebeca (Author)
Format: Bog
Sprog:spansk
Udgivet: Buenos Aires Paidos 1980
Udgivelse:1a. ed
Serier:Biblioteca de Psicología Profunda
Fag:
Tags: Tilføj Tag
Ingen Tags, Vær først til at tagge denne postø!

MARC

LEADER 00000nam a2200000 a 4500
001 UCJ3018
003 CL-VaPUC
008 070119e19800000AG |||||||||||||||||spa|d
020 |a 8475090222 
082 0 4 |a 155.2  |b GRI  |2 21 
100 |a Grinberg, León  |e author  |9 504130 
700 0 |a Grinberg, Rebeca  |e author  |9 504131 
245 1 0 |a Identidad y Cambio 
250 |a 1a. ed 
300 |a 200 p 
942 |c BK 
945 |d 20070119 00:00:00  |a lvergara 
260 |a Buenos Aires  |b Paidos  |c 1980 
500 |a Donación de la Dra. Marianne Peronard Thierry 
650 0 |a Identidad   |9 336178 
650 0 |a Psicología individual  |9 309049 
650 0 |a Desarrollo individual   |9 307875 
650 0 |a Identidad sexual   |9 480057 
650 0 |a Integración social  |9 319662 
583 |a last modification  |c 20070119 00:00:00  |k Rodrigo Vera 
490 0 |a Biblioteca de Psicología Profunda 
999 |c 319142  |d 319140 
952 |0 0  |1 0  |4 0  |6 155_200000000000000_GRI_1980  |7 0  |8 A  |9 397387  |a FDOPOS  |b FDOPOS  |d 2019-11-22  |i 4312341  |o 155.2 GRI 1980  |p 4312341  |r 2025-01-22  |w 2019-11-22  |y BK  |k MLA